[Event "LSS No Engine Cup 230 Preliminary 0"]
[Site "LSS email"]
[Date "2022.10.08"]
[Round "?"]
[White "Callow, Chris"]
[Black "Gamba, Juan Manuel"]
[Result "1-0"]
[WhiteElo "2255"]
[BlackElo "1377"]
[PlyCount "53"]
[EventDate "2022.10.08"]
[EventType "tourn (corr)"]
[EventRounds "6"]
[EventCountry "GER"]
[SourceTitle "Corr 2024"]
[Source "ChessBase"]
[SourceDate "2023.10.19"]
[SourceVersion "1"]
[SourceVersionDate "2023.10.19"]
[SourceQuality "1"]

1. e4 c5 2. Nf3 d6 3. d4 cxd4 4. Nxd4 Nf6 5. Nc3 g6 6. Be3 Bg7 7. f3 0-0 8. Qd2 Nc6 9. 0-0-0 d5 10. exd5 Nxd5 11. Nxc6 bxc6 12. Bd4 Bxd4 13. Qxd4 Be6 14. Bc4 Nxc3 15. Qxc3 Qc8 16. Rd4 Bxc4 17. Rxc4 Qa6 18. a3 Rac8 19. h4 Rfd8 20. h5 Rd6 21. hxg6 fxg6 22. Rch4 Rcd8 23. b4 h5 24. Re4 Qb7 25. Rhe1 R8d7 26. g4 c5 27. bxc5 1-0

[Event "LSS No Engine Cup 230 Preliminary 0"]
[Site "LSS email"]
[Date "2022.10.08"]
[Round "?"]
[White "Gamba, Juan Manuel"]
[Black "Wuttke, Bodo"]
[Result "0-1"]
[WhiteElo "1377"]
[BlackElo "2167"]
[PlyCount "36"]
[EventDate "2022.10.08"]
[EventType "tourn (corr)"]
[EventRounds "6"]
[EventCountry "GER"]
[SourceTitle "Corr 2024"]
[Source "ChessBase"]
[SourceDate "2023.10.19"]
[SourceVersion "1"]
[SourceVersionDate "2023.10.19"]
[SourceQuality "1"]

1. e4 e6 2. d4 d5 3. Nc3 Nf6 4. Bg5 Bb4 5. e5 h6 6. Bd2 Bxc3 7. bxc3 Ne4 8. Qg4 Kf8 9. Bd3 Nxd2 10. Kxd2 c5 11. Nf3 b6 12. Qf4 Qe7 13. Rhb1 Ba6 14. Bg6 Nc6 15. g4 c4 16. g5 Ke8 17. Bh5 hxg5 18. Qg4 g6 0-1

[Event "RF-2022-0-00523"]
[Site "LSS email"]
[Date "2022.09.17"]
[Round "?"]
[White "Rocek, Vladimir"]
[Black "Gamba, Juan Manuel"]
[Result "0-1"]
[WhiteElo "1074"]
[BlackElo "1014"]
[PlyCount "68"]
[EventDate "2022.05.24"]
[EventType "tourn (corr)"]
[EventRounds "6"]
[EventCountry "GER"]
[SourceTitle "Corr 2024"]
[Source "ChessBase"]
[SourceDate "2023.10.19"]
[SourceVersion "1"]
[SourceVersionDate "2023.10.19"]
[SourceQuality "1"]

1. e4 e6 2. d4 d5 3. e5 c5 4. c3 Nc6 5. a3 c4 6. b4 cxb3 7. Qxb3 Qb6 8. Qxb6 axb6 9. Bb5 Bd7 10. Bd3 Nge7 11. Nf3 Ng6 12. 0-0 Be7 13. c4 dxc4 14. Bxc4 0-0 15. Bb2 Na5 16. Ba2 b5 17. Nbd2 Bc6 18. Rac1 Nf4 19. Rfe1 Nd3 20. Rb1 Nxe1 21. Rxe1 Bxf3 22. Nxf3 Nc4 23. Bxc4 bxc4 24. Nd2 b5 25. Nb1 Rfb8 26. f4 b4 27. axb4 Rxb4 28. Bc3 Rb3 29. Kf2 Rab8 30. f5 Rxb1 31. f6 gxf6 32. d5 Rxe1 33. Kxe1 exd5 34. exf6 Bb4 0-1

[Event "RF-2022-0-00523"]
[Site "LSS email"]
[Date "2022.09.12"]
[Round "?"]
[White "Gamba, Juan Manuel"]
[Black "Shim Ng Min, Francis"]
[Result "1-0"]
[WhiteElo "1014"]
[BlackElo "993"]
[PlyCount "77"]
[EventDate "2022.05.24"]
[EventType "tourn (corr)"]
[EventRounds "6"]
[EventCountry "GER"]
[SourceTitle "Corr 2024"]
[Source "ChessBase"]
[SourceDate "2023.10.19"]
[SourceVersion "1"]
[SourceVersionDate "2023.10.19"]
[SourceQuality "1"]

1. e4 c5 2. c3 d5 3. exd5 Qxd5 4. d4 e6 5. Nf3 Be7 6. Be3 cxd4 7. cxd4 Nf6 8. Nc3 Qd8 9. Bd3 0-0 10. 0-0 Nc6 11. a3 h6 12. Qe2 Nd5 13. Rac1 a6 14. Rfd1 Nxe3 15. fxe3 Qa5 16. Bb1 Qh5 17. Qd3 g6 18. e4 Rd8 19. e5 b6 20. Nd5 Rxd5 21. Rxc6 b5 22. Ba2 Rd8 23. Rc7 Bf8 24. Qe4 Rb8 25. g4 Qh3 26. Rdc1 Bd7 27. R1c3 h5 28. gxh5 Qxh5 29. d5 exd5 30. Bxd5 Bf5 31. Bxf7+ Kh8 32. Qe2 Bg4 33. Bb3 Bh6 34. e6 Rd2 35. Qe5+ Qxe5 36. Nxe5 Bf5 37. Rc8+ Rd8 38. Rxd8+ Rxd8 39. Nf7+ 1-0

[Event "LSS No Engine Cup 221 Preliminary 0"]
[Site "LSS email"]
[Date "2021.09.14"]
[Round "?"]
[White "Gamba, Juan Manuel"]
[Black "Wernitz, Helmut"]
[Result "0-1"]
[WhiteElo "1401"]
[BlackElo "1563"]
[PlyCount "48"]
[EventDate "2021.09.14"]
[EventType "tourn (corr)"]
[EventRounds "6"]
[EventCountry "GER"]
[SourceTitle "Corr 2024"]
[Source "ChessBase"]
[SourceDate "2023.10.19"]
[SourceVersion "1"]
[SourceVersionDate "2023.10.19"]
[SourceQuality "1"]

1. d4 d5 2. Nf3 c5 3. e3 Nf6 4. c3 Qc7 5. Nbd2 g6 6. Bd3 Bg7 7. 0-0 0-0 8. e4 dxe4 9. Nxe4 Nxe4 10. Bxe4 cxd4 11. Nxd4 Bd7 12. Re1 e5 13. Nb3 Nc6 14. Bg5 Rfe8 15. Nc5 Be6 16. Qc2 Nd8 17. Nxe6 Nxe6 18. Bh4 Rac8 19. Rad1 b5 20. Bg3 b4 21. Bd5 bxc3 22. b3 Nd4 23. Rxd4 exd4 24. Rxe8+ Rxe8 0-1

[Event "OP-2019-0-04861"]
[Site "LSS email"]
[Date "2019.10.19"]
[Round "?"]
[White "Gamba, Juan Manuel"]
[Black "Shim Ng Min, Francis"]
[Result "0-1"]
[WhiteElo "989"]
[BlackElo "1252"]
[PlyCount "30"]
[EventDate "2019.10.11"]
[EventType "tourn (corr)"]
[EventRounds "4"]
[EventCountry "GER"]
[SourceTitle "Corr 2022"]
[Source "ChessBase"]
[SourceDate "2021.10.24"]
[SourceVersion "1"]
[SourceVersionDate "2021.10.24"]
[SourceQuality "1"]

1. e4 c5 2. Nf3 d6 3. Bb5+ Bd7 4. Bxd7+ Qxd7 5. Nc3 Nf6 6. 0-0 e5 7. d3 h6 8. h3 Be7 9. Be3 Nc6 10. Ne2 Nd4 11. Ng3 0-0 12. c3 Nxf3+ 13. Qxf3 b5 14. Nf5 Kh7 15. g4 Ng8 0-1

[Event "RN-2019-0-01549"]
[Site "LSS email"]
[Date "2019.07.23"]
[Round "?"]
[White "Gamba, Juan Manuel"]
[Black "Lombardi, Donato"]
[Result "1/2-1/2"]
[WhiteElo "1064"]
[BlackElo "796"]
[PlyCount "49"]
[EventDate "2019.07.05"]
[EventType "tourn (corr)"]
[EventRounds "6"]
[EventCountry "GER"]
[SourceTitle "Corr 2022"]
[Source "ChessBase"]
[SourceDate "2021.10.24"]
[SourceVersion "1"]
[SourceVersionDate "2021.10.24"]
[SourceQuality "1"]

1. e4 e6 2. d4 d5 3. e5 c5 4. c3 Nc6 5. Nf3 cxd4 6. cxd4 Qb6 7. Bd3 Bd7 8. Be3 Bb4+ 9. Nc3 Nge7 10. 0-0 h6 11. a3 Bxc3 12. bxc3 Rc8 13. Qe2 Na5 14. Nd2 0-0 15. Qg4 Nf5 16. Bxf5 exf5 17. Qg3 Rxc3 18. Rac1 Rxa3 19. Nf3 Be6 20. Bxh6 g6 21. Bxf8 Kxf8 22. Qh3 Nc4 23. Qh6+ Ke7 24. Ng5 Qxd4 25. Rfe1 1/2-1/2

[Event "RN-2019-0-01549"]
[Site "LSS email"]
[Date "2019.07.22"]
[Round "?"]
[White "Gamba, Juan Manuel"]
[Black "Molina, Vicente Andres"]
[Result "0-1"]
[WhiteElo "1064"]
[BlackElo "515"]
[PlyCount "47"]
[EventDate "2019.07.05"]
[EventType "tourn (corr)"]
[EventRounds "6"]
[EventCountry "GER"]
[SourceTitle "Corr 2022"]
[Source "ChessBase"]
[SourceDate "2021.10.24"]
[SourceVersion "1"]
[SourceVersionDate "2021.10.24"]
[SourceQuality "1"]

1. e4 e5 2. Nf3 Nc6 3. Bb5 d6 4. d4 exd4 5. Nxd4 Bd7 6. Bxc6 bxc6 7. b3 Nf6 8. Nc3 Be7 9. Bb2 0-0 10. 0-0 Re8 11. Qf3 Bg4 12. Qg3 c5 13. Nc6 Qd7 14. Nxe7+ Rxe7 15. f3 Bh5 16. Nd5 Bg6 17. Nxe7+ Qxe7 18. c4 a5 19. Rad1 a4 20. Rfe1 Nd7 21. h4 Ne5 22. Rd5 axb3 23. axb3 c6 24. Rd2 0-1

[Event "OP-2019-0-04793"]
[Site "LSS email"]
[Date "2019.06.15"]
[Round "?"]
[White "Gamba, Juan Manuel"]
[Black "Churyaev, Aleksej"]
[Result "1-0"]
[WhiteElo "1083"]
[BlackElo "953"]
[PlyCount "71"]
[EventDate "2019.06.07"]
[EventType "tourn (corr)"]
[EventRounds "4"]
[EventCountry "GER"]
[SourceTitle "Corr 2022"]
[Source "ChessBase"]
[SourceDate "2021.10.24"]
[SourceVersion "1"]
[SourceVersionDate "2021.10.24"]
[SourceQuality "1"]

1. d4 Nf6 2. c4 e6 3. Nf3 b6 4. a3 Bb7 5. Nc3 a6 6. Qc2 h6 7. e4 d5 8. cxd5 exd5 9. e5 Nfd7 10. b4 Be7 11. g3 Nf8 12. Bg2 Ne6 13. 0-0 Nd7 14. Be3 Rc8 15. Na4 c5 16. bxc5 b5 17. Nc3 Bc6 18. Rfb1 Nc7 19. Nd2 Rb8 20. f4 Nf8 21. f5 f6 22. Nf3 Kf7 23. e6+ Kg8 24. Bf4 Nh7 25. Nd2 Rb7 26. Qb3 a5 27. Bxc7 Qxc7 28. Nxd5 Bxd5 29. Qxd5 Rb8 30. Ra2 Nf8 31. Rab2 g6 32. Rxb5 Rxb5 33. Rxb5 Qd8 34. Rb7 gxf5 35. Qxd8 Bxd8 36. e7 1-0

[Event "IECC CL6-2019.01 email"]
[Site "IECC email"]
[Date "2019.05.30"]
[Round "?"]
[White "Montoya, Jorge"]
[Black "Gamba, Juan Manuel"]
[Result "1-0"]
[WhiteElo "1257"]
[BlackElo "1187"]
[PlyCount "37"]
[EventDate "2019.??.??"]
[EventType "tourn (corr)"]
[EventRounds "4"]
[SourceTitle "Corr 2020"]
[Source "ChessBase"]
[SourceDate "2019.09.30"]
[SourceVersion "1"]
[SourceVersionDate "2019.09.30"]
[SourceQuality "1"]
[WhiteTeam "Colombia"]
[BlackTeam "Argentina"]
[WhiteTeamCountry "COL"]
[BlackTeamCountry "ARG"]

1. d4 d5 2. c4 c6 3. Nf3 e6 4. Nc3 Nf6 5. e3 Nbd7 6. Bd3 Bd6 7. 0-0 0-0 8. e4 dxe4 9. Nxe4 Nxe4 10. Bxe4 e5 11. dxe5 Nxe5 12. Nxe5 Bxe5 13. Bxh7+ Kxh7 14. Qh5+ Kg8 15. Qxe5 Re8 16. Qc3 Be6 17. Be3 Qh4 18. b3 Rad8 19. Bxa7 1-0

[Event "RN-2019-0-01529"]
[Site "LSS email"]
[Date "2019.04.27"]
[Round "?"]
[White "Ducharme, Steven"]
[Black "Gamba, Juan Manuel"]
[Result "0-1"]
[WhiteElo "751"]
[BlackElo "1043"]
[PlyCount "28"]
[EventDate "2019.04.09"]
[EventType "tourn (corr)"]
[EventRounds "6"]
[EventCountry "GER"]
[SourceTitle "Corr 2022"]
[Source "ChessBase"]
[SourceDate "2021.10.24"]
[SourceVersion "1"]
[SourceVersionDate "2021.10.24"]
[SourceQuality "1"]

1. b3 e5 2. Bb2 Nc6 3. g3 d5 4. Bg2 Nf6 5. d3 Be6 6. Nf3 Bd6 7. Nbd2 0-0 8. 0-0 Qd7 9. Kh1 Rad8 10. Ng1 h5 11. h3 h4 12. Ndf3 hxg3 13. fxg3 Nh5 14. Qe1 e4 0-1

[Event "RN-2019-0-01529"]
[Site "LSS email"]
[Date "2019.04.27"]
[Round "?"]
[White "Gamba, Juan Manuel"]
[Black "Cherry, Brian"]
[Result "1-0"]
[WhiteElo "1043"]
[BlackElo "327"]
[PlyCount "41"]
[EventDate "2019.04.09"]
[EventType "tourn (corr)"]
[EventRounds "6"]
[EventCountry "GER"]
[SourceTitle "Corr 2022"]
[Source "ChessBase"]
[SourceDate "2021.10.24"]
[SourceVersion "1"]
[SourceVersionDate "2021.10.24"]
[SourceQuality "1"]

1. d4 d5 2. c4 e6 3. Nc3 Nf6 4. Bg5 Bb4 5. e3 b6 6. Qa4+ Bd7 7. Qxb4 Nc6 8. Qb3 Na5 9. Qc2 Nxc4 10. Bxc4 dxc4 11. Nf3 h6 12. Bh4 g5 13. Bg3 Bc6 14. Qe2 b5 15. e4 0-0 16. 0-0 Kg7 17. Nd2 Rc8 18. e5 Nh7 19. f4 Kh8 20. fxg5 Nxg5 21. Qh5 1-0

[Event "IECC CL0-2019.00 email"]
[Site "IECC email"]
[Date "2019.04.13"]
[Round "?"]
[White "Gamba, Juan Manuel"]
[Black "Lonyuk, Bohdan"]
[Result "0-1"]
[WhiteElo "1059"]
[BlackElo "1320"]
[PlyCount "32"]
[EventDate "2019.02.20"]
[EventType "tourn (corr)"]
[EventRounds "4"]
[SourceTitle "Corr 2022"]
[Source "ChessBase"]
[SourceDate "2021.10.24"]
[SourceVersion "1"]
[SourceVersionDate "2021.10.24"]
[SourceQuality "1"]

1. c4 g6 2. g3 c5 3. Bg2 Bg7 4. Nc3 Nc6 5. a3 d6 6. Rb1 Bf5 7. e4 Bd7 8. Nge2 Qc8 9. h4 a5 10. d4 cxd4 11. Nd5 Qc7 12. 0-0 Qd8 13. b4 axb4 14. axb4 e6 15. b5 Ne5 16. Nb4 d3 0-1

[Event "IECC CL0-2019.00 email"]
[Site "IECC email"]
[Date "2019.04.12"]
[Round "?"]
[White "Gamba, Juan Manuel"]
[Black "De Booij, Marco"]
[Result "1-0"]
[WhiteElo "1059"]
[BlackElo "1189"]
[PlyCount "99"]
[EventDate "2019.02.20"]
[EventType "tourn (corr)"]
[EventRounds "4"]
[SourceTitle "Corr 2022"]
[Source "ChessBase"]
[SourceDate "2021.10.24"]
[SourceVersion "1"]
[SourceVersionDate "2021.10.24"]
[SourceQuality "1"]

1. c4 c5 2. g3 g6 3. Bg2 Bg7 4. Nc3 Nc6 5. a3 a6 6. Rb1 Rb8 7. b4 cxb4 8. axb4 b5 9. cxb5 axb5 10. e3 e6 11. d4 d5 12. Nge2 Nf6 13. 0-0 Qe7 14. e4 dxe4 15. Nxe4 Nxb4 16. Ba3 Nfd5 17. Qb3 0-0 18. Bxb4 Nxb4 19. Qxb4 Qd7 20. Nc5 Qe8 21. Nc3 Qd8 22. Rfd1 Bf6 23. N3e4 Be7 24. Qd2 Qb6 25. Rb2 Rd8 26. Rdb1 Ba6 27. Nxa6 Qxa6 28. Qf4 Kg7 29. Bf1 Qa7 30. Ng5 Bf6 31. h4 Rxd4 32. Qc1 Rd5 33. Rxb5 Rbxb5 34. Rxb5 Rd7 35. Ne4 Bd4 36. Qc2 Rc7 37. Qd2 Rd7 38. Qf4 h6 39. Qb8 Qa4 40. Rb7 Rxb7 41. Qxb7 Qa3 42. Qd7 Qb2 43. Qb5 Qa2 44. Qd3 Qa7 45. Qf3 f5 46. Nd2 Kf6 47. Kg2 Qb6 48. Qa8 Bxf2 49. Qf8+ Ke5 50. Nc4+ 1-0

[Event "IECC CL0-2019.00 email"]
[Site "IECC email"]
[Date "2019.04.07"]
[Round "?"]
[White "Shim Ng Min, Francis"]
[Black "Gamba, Juan Manuel"]
[Result "1-0"]
[WhiteElo "1269"]
[BlackElo "1059"]
[PlyCount "83"]
[EventDate "2019.02.20"]
[EventType "tourn (corr)"]
[EventRounds "4"]
[SourceTitle "Corr 2022"]
[Source "ChessBase"]
[SourceDate "2021.10.24"]
[SourceVersion "1"]
[SourceVersionDate "2021.10.24"]
[SourceQuality "1"]

1. e4 e6 2. d4 d5 3. Nc3 Bb4 4. e5 c5 5. a3 Bxc3+ 6. bxc3 Qc7 7. Qg4 Ne7 8. Qxg7 Rg8 9. Qxh7 cxd4 10. Ne2 Bd7 11. cxd4 Nbc6 12. c3 0-0-0 13. Qd3 Na5 14. g3 Rg6 15. Bg2 Nf5 16. Nf4 Rgg8 17. 0-0 Kb8 18. Rb1 Nc4 19. a4 Qa5 20. Be3 Rc8 21. Rb4 Rc7 22. Rfb1 Rgc8 23. Nh5 Nb6 24. Nf6 Rxc3 25. Nxd7+ Nxd7 26. Rxb7+ Ka8 27. Qd1 R8c7 28. R7b5 Qa6 29. Bd2 R3c6 30. Ra5 Qc8 31. Bf4 Ne7 32. h4 Ng6 33. Be3 f5 34. exf6 Nxf6 35. Rab5 Nd7 36. Qg4 Qe8 37. h5 Nh8 38. Bf4 Rc8 39. Qg7 Qf7 40. Qxf7 Nxf7 41. Rb7 e5 42. Rxd7 1-0

[Event "RN-2019-0-01509"]
[Site "LSS email"]
[Date "2019.02.16"]
[Round "?"]
[White "Gamba, Juan Manuel"]
[Black "Bester, Kazimierz"]
[Result "1-0"]
[WhiteElo "1073"]
[BlackElo "757"]
[PlyCount "137"]
[EventDate "2019.01.30"]
[EventType "tourn (corr)"]
[EventRounds "6"]
[EventCountry "GER"]
[SourceTitle "Corr 2022"]
[Source "ChessBase"]
[SourceDate "2021.10.24"]
[SourceVersion "1"]
[SourceVersionDate "2021.10.24"]
[SourceQuality "1"]

1. e4 d5 2. exd5 Qxd5 3. Nc3 Qa5 4. d4 Nf6 5. Bd2 Nc6 6. Nf3 Bg4 7. Bb5 Qb6 8. Qe2 0-0-0 9. Na4 Qxb5 10. Qxb5 Bxf3 11. gxf3 Nxd4 12. Qd3 e5 13. 0-0-0 Be7 14. Nc3 Nb3+ 15. axb3 Rxd3 16. cxd3 h6 17. Ne4 Nd5 18. Be3 f5 19. Nc3 Nb4 20. f4 Bf6 21. fxe5 Bxe5 22. f4 Bf6 23. Bc5 Nc6 24. d4 b6 25. Ba3 Nxd4 26. Rxd4 Bxd4 27. Re1 c5 28. Nb5 a6 29. Nxd4 cxd4 30. Re7 g5 31. Bd6 Kd8 32. Rf7 gxf4 33. Bxf4 d3 34. Kd2 h5 35. Kxd3 Rg8 36. Ra7 Rg4 37. Bc7+ Kc8 38. Bxb6 Rb4 39. Bd4 Rxb3+ 40. Kc4 Rh3 41. Rxa6 Rxh2 42. Rf6 h4 43. Rxf5 h3 44. Rh5 Kd7 45. b4 Rc2+ 46. Kd3 Ra2 47. Rxh3 Ra3+ 48. Bc3 Kc6 49. Kc4 Ra8 50. b5+ Kb6 51. Bd4+ Kb7 52. Rh6 Ra4+ 53. Kc5 Ra2 54. Rb6+ Kc7 55. Be5+ Kd7 56. Rd6+ Ke7 57. Kc6 Rc2+ 58. Kb7 Rc5 59. b6 Rxe5 60. Kc7 Rc5+ 61. Rc6 Rd5 62. b7 Rd7+ 63. Kb6 Rd8 64. Rc8 Rd6+ 65. Rc6 Rd8 66. Ka7 Kd7 67. Rc1 Ke6 68. b8Q Rxb8 69. Kxb8 1-0

[Event "RN-2019-0-01509"]
[Site "LSS email"]
[Date "2019.02.16"]
[Round "?"]
[White "Gamba, Juan Manuel"]
[Black "Hickl, Norbert"]
[Result "0-1"]
[WhiteElo "1073"]
[BlackElo "983"]
[PlyCount "66"]
[EventDate "2019.01.30"]
[EventType "tourn (corr)"]
[EventRounds "6"]
[EventCountry "GER"]
[SourceTitle "Corr 2022"]
[Source "ChessBase"]
[SourceDate "2021.10.24"]
[SourceVersion "1"]
[SourceVersionDate "2021.10.24"]
[SourceQuality "1"]

1. e4 e6 2. d4 d5 3. Nc3 dxe4 4. Nxe4 Nd7 5. Nf3 Ngf6 6. Bg5 Be7 7. Bxf6 Nxf6 8. Bb5+ Bd7 9. Bd3 Bc6 10. Nxf6+ Bxf6 11. c3 Qd5 12. Qe2 0-0-0 13. 0-0 g5 14. c4 Qd6 15. Be4 Bxe4 16. Qxe4 Rd7 17. Rfd1 Rhd8 18. d5 exd5 19. cxd5 Bxb2 20. Rab1 Bf6 21. g3 h5 22. Qa4 Qa6 23. Qb3 g4 24. Ne1 Rd6 25. Rbc1 Qb6 26. Qc4 Qa5 27. Rd3 Rxd5 28. Ra3 Qb6 29. Rb3 Qd6 30. Ng2 Rd1+ 31. Rxd1 Qxd1+ 32. Qf1 Qxf1+ 33. Kxf1 Rd2 0-1

[Event "OP-2019-0-04723"]
[Site "LSS email"]
[Date "2019.01.30"]
[Round "?"]
[White "Lauer, Frederic"]
[Black "Gamba, Juan Manuel"]
[Result "1/2-1/2"]
[WhiteElo "1233"]
[BlackElo "1088"]
[PlyCount "66"]
[EventDate "2019.01.25"]
[EventType "tourn (corr)"]
[EventRounds "4"]
[EventCountry "GER"]
[SourceTitle "Corr 2022"]
[Source "ChessBase"]
[SourceDate "2021.10.24"]
[SourceVersion "1"]
[SourceVersionDate "2021.10.24"]
[SourceQuality "1"]

1. e4 e6 2. d4 d5 3. Nc3 Bb4 4. Qd3 dxe4 5. Qxe4 Bxc3+ 6. bxc3 Nf6 7. Qh4 c5 8. Bg5 Nbd7 9. Bb5 Qa5 10. Bxd7+ Nxd7 11. Bd2 c4 12. Nf3 b6 13. 0-0 Bb7 14. Qg3 0-0-0 15. Bg5 Nf6 16. Ne5 Rhf8 17. Nxc4 Qd5 18. Ne3 Ne4 19. Nxd5 Nxg3 20. Ne7+ Kd7 21. hxg3 f6 22. Bc1 Rf7 23. d5 Kxe7 24. dxe6 Kxe6 25. Bf4 Rfd7 26. Rfe1+ Kf7 27. a4 Rc8 28. Ra3 Rc4 29. Re3 Rc5 30. Rd3 Rcd5 31. c4 Rxd3 32. Rxd3 Re7 33. Be3 Be4 1/2-1/2

[Event "ZN-2019-0-03928"]
[Site "LSS email"]
[Date "2019.01.26"]
[Round "?"]
[White "Gamba, Juan Manuel"]
[Black "Newton, Daryl"]
[Result "1-0"]
[WhiteElo "1088"]
[BlackElo "315"]
[PlyCount "57"]
[EventDate "2019.01.23"]
[EventType "match (corr)"]
[EventRounds "2"]
[EventCountry "GER"]
[SourceTitle "Corr 2022"]
[Source "ChessBase"]
[SourceDate "2021.10.24"]
[SourceVersion "1"]
[SourceVersionDate "2021.10.24"]
[SourceQuality "1"]

1. e4 e5 2. Nf3 Qf6 3. d4 Bb4+ 4. c3 Bd6 5. Bc4 exd4 6. 0-0 c5 7. e5 Bxe5 8. Nxe5 Nh6 9. Bxh6 0-0 10. Ng4 Qg6 11. Bc1 d6 12. h3 Nd7 13. cxd4 a6 14. Nc3 Nf6 15. Nxf6+ Qxf6 16. dxc5 dxc5 17. Nd5 Qg6 18. Ne7+ Kh8 19. Nxg6+ fxg6 20. b3 Bf5 21. Bb2 Rad8 22. Qc1 b5 23. Be2 c4 24. Qc3 Rf7 25. Rad1 Rfd7 26. Rxd7 Rxd7 27. Rd1 h5 28. Rxd7 Bxd7 29. Qxg7# 1-0

[Event "OP-2019-0-04705"]
[Site "LSS email"]
[Date "2019.01.11"]
[Round "?"]
[White "Gamba, Juan Manuel"]
[Black "Dlugolecki, Grzegorz"]
[Result "0-1"]
[WhiteElo "1072"]
[BlackElo "1784"]
[PlyCount "44"]
[EventDate "2018.12.30"]
[EventType "tourn (corr)"]
[EventRounds "4"]
[EventCountry "GER"]
[SourceTitle "Corr 2022"]
[Source "ChessBase"]
[SourceDate "2021.10.24"]
[SourceVersion "1"]
[SourceVersionDate "2021.10.24"]
[SourceQuality "1"]

1. c4 e5 2. g3 Nf6 3. Bg2 d5 4. Nc3 d4 5. Ne4 Nxe4 6. Bxe4 Bd6 7. Qc2 Qe7 8. Nf3 Na6 9. a3 Nc5 10. b4 Nxe4 11. Qxe4 f5 12. Qc2 c5 13. bxc5 Bxc5 14. Bb2 b6 15. 0-0 0-0 16. e4 Bb7 17. d3 fxe4 18. Nh4 exd3 19. Qxd3 e4 20. Qd2 e3 21. fxe3 Qe4 22. Qg2 Qxe3+ 0-1

[Event "RN-2019-0-01500"]
[Site "LSS email"]
[Date "2019.01.10"]
[Round "?"]
[White "Venturas, Bob"]
[Black "Gamba, Juan Manuel"]
[Result "0-1"]
[WhiteElo "554"]
[BlackElo "1072"]
[PlyCount "74"]
[EventDate "2018.12.29"]
[EventType "tourn (corr)"]
[EventRounds "6"]
[EventCountry "GER"]
[SourceTitle "Corr 2022"]
[Source "ChessBase"]
[SourceDate "2021.10.24"]
[SourceVersion "1"]
[SourceVersionDate "2021.10.24"]
[SourceQuality "1"]

1. d4 Nf6 2. Nc3 e6 3. a3 d5 4. Nf3 c5 5. Bf4 a6 6. e3 Nc6 7. Be2 Bd6 8. Bg5 h6 9. Bh4 g5 10. Bg3 Bxg3 11. hxg3 Qb6 12. b3 Bd7 13. Na4 Qa5+ 14. Qd2 Qxd2+ 15. Kxd2 Ne4+ 16. Ke1 cxd4 17. exd4 g4 18. Ne5 Nxd4 19. Bd3 Bxa4 20. bxa4 Rc8 21. Nxg4 Nxc2+ 22. Bxc2 Rxc2 23. Rxh6 Rxh6 24. Nxh6 Nxf2 25. g4 Ne4 26. Kf1 Kf8 27. Kg1 Kg7 28. g5 Kg6 29. Ng4 Kxg5 30. Ne3 Re2 31. Nf1 Kg4 32. Nh2+ Kg3 33. Rf1 Rxg2+ 34. Kh1 Rxh2+ 35. Kg1 Rg2+ 36. Kh1 Nf2+ 37. Rxf2 Rxf2 0-1

[Event "OP-2019-0-04705"]
[Site "LSS email"]
[Date "2019.01.07"]
[Round "?"]
[White "Nesbit, Andres"]
[Black "Gamba, Juan Manuel"]
[Result "1-0"]
[WhiteElo "1449"]
[BlackElo "1072"]
[PlyCount "33"]
[EventDate "2018.12.30"]
[EventType "tourn (corr)"]
[EventRounds "4"]
[EventCountry "GER"]
[SourceTitle "Corr 2022"]
[Source "ChessBase"]
[SourceDate "2021.10.24"]
[SourceVersion "1"]
[SourceVersionDate "2021.10.24"]
[SourceQuality "1"]

1. e4 e6 2. d4 d5 3. Nd2 Nf6 4. e5 Nfd7 5. Bd3 c5 6. c3 Nc6 7. Ngf3 Qb6 8. 0-0 cxd4 9. cxd4 Nxd4 10. Nxd4 Qxd4 11. Nf3 Qb6 12. Qa4 Qb4 13. Qc2 f5 14. exf6 Nxf6 15. Ng5 Bd6 16. Bxh7 Qh4 17. Qg6+ 1-0

[Event "SN-2018-0-00947"]
[Site "LSS email"]
[Date "2018.10.28"]
[Round "?"]
[White "Digiglio, Rafael"]
[Black "Gamba, Juan Manuel"]
[Result "0-1"]
[WhiteElo "612"]
[BlackElo "1038"]
[PlyCount "40"]
[EventDate "2018.09.27"]
[EventType "tourn (corr)"]
[EventRounds "6"]
[EventCountry "GER"]
[SourceTitle "Corr 2022"]
[Source "ChessBase"]
[SourceDate "2021.10.24"]
[SourceVersion "1"]
[SourceVersionDate "2021.10.24"]
[SourceQuality "1"]

1. Nf3 d5 2. Nc3 c5 3. e4 e6 4. exd5 exd5 5. Bb5+ Nc6 6. 0-0 Nf6 7. Re1+ Be7 8. Bxc6+ bxc6 9. Ne5 Bd7 10. Qf3 0-0 11. Re2 Re8 12. Nxd7 Qxd7 13. d3 Bd6 14. Bg5 Rxe2 15. Qxe2 Re8 16. Qd2 Ng4 17. h3 Ne5 18. d4 cxd4 19. Qxd4 Qxh3 20. Qxa7 Nf3+ 0-1

[Event "IECC CL0-2018.00 email"]
[Site "IECC email"]
[Date "2018.10.07"]
[Round "?"]
[White "Shim Ng Min, Francis"]
[Black "Gamba, Juan Manuel"]
[Result "1-0"]
[WhiteElo "1224"]
[BlackElo "1074"]
[PlyCount "35"]
[EventDate "2018.08.19"]
[EventType "tourn (corr)"]
[EventRounds "4"]
[SourceTitle "Corr 2022"]
[Source "ChessBase"]
[SourceDate "2021.10.24"]
[SourceVersion "1"]
[SourceVersionDate "2021.10.24"]
[SourceQuality "1"]

1. e4 e6 2. d4 d5 3. Nc3 Bb4 4. e5 b6 5. Qg4 Bf8 6. Nf3 Qd7 7. Bd2 Nc6 8. a3 Bb7 9. Bd3 0-0-0 10. 0-0-0 Kb8 11. Kb1 f6 12. Bb5 g6 13. exf6 Nxf6 14. Qh4 Qe7 15. Bg5 Bg7 16. Ne5 Rd6 17. Rhe1 Nd8 18. Nd7+ 1-0